[Event "Høstturnering 2005"]
[Site "Ås, Akershus NOR"]
[Date "2005.10.26"]
[Round "7"]
[White "Lea, Per"]
[Black "Olsen, Trygve"]
[Result "1-0"]
[WhiteElo "1645"]
[BlackElo "1189"]
[PlyCount "27"]
[EventDate "2005.09.01"]

1. e4 c5 2. Nf3 Nc6 3. d4 d5 4. exd5 Qxd5 5. Nc3 Qe6+ 6. Be3 cxd4 7. Nxd4 Qe5
8. Bb5 Bd7 9. O-O O-O-O 10. Bxc6 Bxc6 11. Nxc6 bxc6 12. Qg4+ f5 13. Qa4 Rd7 14.
Qxc6+ 1-0

[Event "Høstturnering 2005"]
[Site "Ås, Akershus NOR"]
[Date "2005.10.27"]
[Round "7"]
[White "Simonsen, Steinar"]
[Black "Furnes, Torstein"]
[Result "1-0"]
[WhiteElo "1426"]
[BlackElo "1515"]
[PlyCount "71"]
[EventDate "2005.09.01"]

1. e4 c5 2. Nf3 Nc6 3. d4 cxd4 4. Nxd4 e5 5. Nb5 d6 6. Bd2 Nf6 7. N1c3 a6 8.
Na3 b5 9. Nd5 Nxe4 10. Be3 Be6 11. Bb6 Qb8 12. Nc7+ Kd7 13. Nxa8 Qxa8 14. Bd3
Nb4 15. f3 Nf6 16. O-O Qc6 17. Bf2 h5 18. Qe2 Nxd3 19. cxd3 h4 20. Rfc1 Qa8 21.
Bb6 h3 22. g3 Nd5 23. Ba5 f5 24. Nc2 g5 25. Nb4 g4 26. Nxd5 Qxd5 27. Rc7+ Ke8
28. Rf1 Bh6 29. f4 Qd4+ 30. Qf2 Qxf2+ 31. Rxf2 exf4 32. Re2 fxg3 33. Rxe6+ Kf8
34. hxg3 h2+ 35. Kh1 Bg5 36. Bb4 1-0

[Event "Høstturnering 2005"]
[Site "Ås, Akershus NOR"]
[Date "2005.11.03"]
[Round "8"]
[White "Thowsen, Alf Geir"]
[Black "Lea, Per"]
[Result "0-1"]
[WhiteElo "1205"]
[BlackElo "1645"]
[PlyCount "96"]
[EventDate "2005.09.01"]

1. d4 d5 2. c4 e5 3. e3 exd4 4. cxd5 Bb4+ 5. Bd2 dxe3 6. fxe3 Bxd2+ 7. Qxd2 Nf6
8. Nc3 O-O 9. Nf3 Re8 10. Bd3 c6 11. d6 Re6 12. O-O-O Nd5 13. e4 Nxc3 14. Qxc3
Rxd6 15. Bc4 Be6 16. Bxe6 fxe6 17. Qe5 Rxd1+ 18. Rxd1 Qf6 19. Qxf6 gxf6 20.
Rd8+ Kf7 21. Kd2 b6 22. Nd4 c5 23. Nc6 Nxc6 24. Rxa8 Ne5 25. Rxa7+ Kg6 26. b3
c4 27. Ra6 cxb3 28. axb3 Nd7 29. Ke3 f5 30. exf5+ Kxf5 31. h3 h5 32. Ra4 e5 33.
Ra7 Nf6 34. Rf7 Ke6 35. Rxf6+ Kxf6 36. Ke4 h4 37. Kf3 Kf5 38. Ke3 e4 39. b4 b5
40. Ke2 Kf4 41. Kf2 e3+ 42. Ke2 Kg3 43. Kxe3 Kxg2 44. Kf4 Kxh3 45. Kf3 Kh2 46.
Kf2 h3 47. Kf1 Kg3 48. Kg1 Kf3 0-1

[Event "Høstturnering 2005"]
[Site "Ås, Akershus NOR"]
[Date "2005.11.10"]
[Round "8"]
[White "Furnes, Torstein"]
[Black "Bakken, Svein-Erik"]
[Result "0-1"]
[WhiteElo "1484"]
[BlackElo "1305"]
[PlyCount "98"]
[EventDate "2005.09.01"]

1. d4 Nf6 2. c4 e5 3. d5 Bc5 4. e3 d6 5. Nf3 Bg4 6. Be2 O-O 7. O-O Nbd7 8. Nc3
a6 9. a3 h6 10. b4 Ba7 11. e4 Nh7 12. Be3 Bxe3 13. fxe3 Ndf6 14. Nd2 Qd7 15.
Bxg4 Nxg4 16. Qf3 Ng5 17. Qg3 c6 18. h3 Nf6 19. h4 Ngh7 20. Rf3 Kh8 21. Raf1
Nh5 22. Qf2 N7f6 23. Rf5 Ng4 24. Rxf7 Nxf2 25. Rxd7 Ng4 26. Rxf8+ Rxf8 27. Rxd6
Rf2 28. dxc6 bxc6 29. Nf3 Rc2 30. Rd3 Ng3 31. c5 Rxc3 32. Rxc3 Ne2+ 33. Kf1
Nxc3 34. Ke1 Nxe4 35. Ke2 Kg8 36. Kd3 Nef6 37. a4 e4+ 38. Ke2 exf3+ 39. gxf3
Ne5 40. f4 Ned7 41. Kd3 Nd5 42. b5 Nxc5+ 43. Kc4 axb5+ 44. axb5 cxb5+ 45. Kxd5
b4 46. Kc4 b3 47. Kc3 Kf7 48. e4 Nxe4+ 49. Kxb3 Kf6 0-1

[Event "Høstturnering"]
[Site "Follo"]
[Date "2005.11.03"]
[Round "8"]
[White "Lønes, Andreas"]
[Black "Lystad, Frank"]
[WhiteElo "711"]
[BlackElo "1419"]
[Result "1-0"]

1. e4 c5 2. Nf3 d6 3. d4 cxd4 4. Nxd4 Nf6 5. Nc3 a6 6. Bd3 g6 7. O-O Bg7 8.
Be3 O-O 9. b4 Bd7 10. a4 Qc7 11. Nce2 Nc6 12. Nxc6 Bxc6 13. Ng3 b5 14. axb5
Bxb5 15. c4 Bd7 16. c5 Bb5 17. Qe2 Bxd3 18. Qxd3 Qc6 19. cxd6 Qxd6 20. Qxd6
exd6 21. Rfd1 Ng4 22. Bd4 Ne5 23. f4 Nc6 24. Bxg7 Kxg7 25. Rxd6 Nxb4 26. f5
Rh8 27. h4 h5 28. fxg6 fxg6 29. e5 Rhe8 30. e6 Re7 31. Ne4 a5 32. Rd7 Kf8
33. Rf1+ Ke8 34. Nd6#
{White mates} 1-0

[Event "Høstturnering 2005"]
[Site "Ås, Akershus NOR"]
[Date "2005.11.24"]
[Round "9"]
[White "Lystad, Frank"]
[Black "Furnes, Torstein"]
[Result "0-1"]
[WhiteElo "1419"]
[BlackElo "1515"]
[Annotator "Fritz"]
[PlyCount "68"]
[EventDate "2005.09.01"]

1. d4 d5 2. Nf3 Nf6 3. g3 e6 4. Bg2 Be7 5. O-O O-O 6. Bf4 c5 7. c3 Nc6 8. Nbd2
cxd4 9. cxd4 Qb6 10. Qb3 Nxd4 11. Qxb6 Nxf3+ 12. Nxf3 axb6 13. a3 Bd7 14. Rfc1
Rfc8 15. Rxc8+ Rxc8 16. Rc1 Rxc1+ 17. Bxc1 Bd6 18. b4 Ne4 19. Bb2 f6 20. e3 e5
21. Ne1 Bc6 22. Bxe4 dxe4 23. Ng2 Kf7 24. Kf1 Ke6 25. g4 g6 26. h3 f5 27. g5 f4
28. exf4 exf4 29. Bd4 b5 30. Bb2 Kf5 31. h4 Kg4 32. Bf6 f3 33. Ne3+ Kxh4 $2 34.
Nc2 $2 (34. Nf5+ $1 Kg4 (34... gxf5 $4 35. g6+ Kh5 36. gxh7 Kg6 37. h8=Q $18)
35. Nxd6) 34... Bf4 0-1

[Event "Høstturnering 2005"]
[Site "Ås, Akershus NOR"]
[Date "2005.11.30"]
[Round "9"]
[White "Lea, Per"]
[Black "Moberg, Jan Rune"]
[Result "0-1"]
[WhiteElo "1645"]
[BlackElo "1556"]
[PlyCount "114"]
[EventDate "2005.09.01"]

1. e4 c5 2. Nf3 d6 3. d4 Nd7 4. dxc5 Nxc5 5. e5 Ne4 6. Qd5 Nc5 7. Nc3 a6 8.
exd6 exd6 9. Bf4 Be7 10. O-O-O Nf6 11. Qd2 d5 12. Nxd5 Nxd5 13. Qxd5 Qa5 14.
Bd2 Qc7 15. Qe5 Qxe5 16. Nxe5 O-O 17. Bc4 Bf6 18. Rhe1 Bf5 19. f3 b5 20. Bd5
Rac8 21. Kb1 Bxe5 22. Rxe5 Bxc2+ 23. Kxc2 Nd7+ 24. Kb1 Nxe5 25. Bb7 Rcd8 26.
Bxa6 Nc4 27. Kc2 Nxd2 28. Rxd2 Rxd2+ 29. Kxd2 Ra8 30. Bxb5 Rxa2 31. Kc2 Kf8 32.
Bc4 Ra7 33. b4 Ke7 34. b5 Rb7 35. Kb3 Kd6 36. Kb4 f6 37. Ka5 Kc5 38. Ka6 Rb6+
39. Ka7 Rd6 40. Bf1 h5 41. g4 h4 42. Kb7 Rd1 43. Be2 Rd2 44. Bf1 Rxh2 45. Bd3
g5 46. Kc7 Rb2 47. Bf1 Rxb5 48. Bxb5 Kxb5 49. Kd6 h3 50. Ke6 h2 51. Kxf6 h1=Q
52. Kxg5 Qxf3 53. Kh4 Kc6 54. g5 Kd6 55. g6 Ke7 56. Kg5 Qf6+ 57. Kh6 Kf8 0-1

[Event "Klubbmesterskap 2005"]
[Site "Ski, Akershus NOR"]
[Date "2005.01.20"]
[Round "1"]
[White "Lea, Per"]
[Black "Høva, Frode"]
[Result "0-1"]
[WhiteElo "1625"]
[BlackElo "1583"]
[PlyCount "64"]
[EventDate "2005.01.20"]

1. e4 c5 2. Nf3 d6 3. d4 cxd4 4. Nxd4 Nf6 5. Nc3 e6 6. Be2 Nc6 7. Be3 Be7 8.
Qd2 a6 9. f4 Qc7 10. a4 Bd7 11. O-O O-O 12. g4 Nxd4 13. Qxd4 Bc6 14. g5 Nd7 15.
f5 exf5 16. exf5 Rfe8 17. f6 Bf8 18. Rf4 d5 19. b4 Rxe3 20. Qxe3 Ne5 21. Rd1
Ng6 22. Rfd4 Re8 23. Qd2 Bd6 24. Bf3 Bf4 25. Rxf4 Nxf4 26. b5 d4 27. bxc6 dxc3
28. Qxc3 Ne2+ 29. Bxe2 Rxe2 30. Qg3 Qxc6 31. Rd8+ Re8 32. Qb8 Qb6+ 0-1

[Event "Klubbmesterskap 2005"]
[Site "Ski, Akershus NOR"]
[Date "2005.01.28"]
[Round "2"]
[White "Lea, Per"]
[Black "Næssvold, Kjell"]
[Result "0-1"]
[WhiteElo "1625"]
[BlackElo "1913"]
[PlyCount "114"]
[EventDate "2005.01.20"]

1. e4 c6 2. d4 d5 3. Nc3 dxe4 4. Nxe4 Bf5 5. Ng3 Bg6 6. Nf3 Nd7 7. h4 h5 8. Bd3
Bxd3 9. Qxd3 Ngf6 10. Bg5 e6 11. O-O-O Bd6 12. Ne4 Be7 13. Rhe1 Nxe4 14. Rxe4
Nf6 15. Re5 Ng4 16. Re2 Qd7 17. g3 O-O-O 18. Bf4 Bd6 19. Ne5 Bxe5 20. Bxe5 Nxe5
21. Rxe5 Qc7 22. Qe2 g6 23. c4 Rd7 24. Kb1 Rhd8 25. Qe4 Rd6 26. c5 Rd5 27. Rxd5
Rxd5 28. f4 Qa5 29. Rd3 Qa4 30. b3 Qa3 31. Qe1 Qa6 32. Qc3 Kd7 33. Re3 Qf1+ 34.
Kb2 Ke8 35. Qd3 Qf2+ 36. Ka3 Kf8 37. b4 Kg7 38. Kb3 Kf6 39. a4 Qg1 40. Kc4 b6
41. Re2 bxc5 42. bxc5 Qa1 43. Re4 Qxa4+ 44. Kc3 a5 45. Kd2 Qa1 46. Qc3 Qa2+ 47.
Qc2 Qxc2+ 48. Kxc2 Kf5 49. Kd3 Rd7 50. Re3 Rb7 51. Kc3 Kg4 52. Kc4 Rb4+ 53. Kc3
Ra4 54. d5 exd5 55. Re7 Kxg3 56. Rxf7 Rc4+ 57. Kd3 Rxf4 0-1

[Event "Klubbmesterskapet 2005 (A)"]
[Site "Ås, Akershus NOR"]
[Date "2005.01.27"]
[Round "2"]
[White "Høva, Frode"]
[Black "Moberg, Jan Rune"]
[Result "1-0"]
[WhiteElo "1583"]
[BlackElo "1537"]
[PlyCount "119"]

1. d4 Nf6 2. c4 d6 3. Nc3 Nbd7 4. Nf3 e5 5. e4 c6 6. Be2 Be7 7. O-O O-O 8. h3
Qc7 9. Rb1 a5 10. Qc2 Re8 11. a3 Bf8 12. b4 axb4 13. axb4 exd4 14. Nxd4 Ne5 15.
Be3 Qe7 16. Nf3 Ng6 17. Bd3 h6 18. Rfe1 Qc7 19. Ne2 Ne5 20. Nxe5 dxe5 21. Ng3
g6 22. Rf1 g5 23. c5 Be6 24. Bc4 Bg7 25. Bxe6 Rxe6 26. Rbd1 Ree8 27. Rd6 Red8
28. Rfd1 Ne8 29. R6d2 Nf6 30. Nf5 Bf8 31. f3 Kh7 32. Qc4 Kg6 33. Kf2 Rxd2+ 34.
Rxd2 Rd8 35. Rxd8 Qxd8 36. Ke2 Qa8 37. Nd6 Bxd6 38. cxd6 Nd7 39. Bd2 Qa4 40.
Qd3 Qb5 41. g3 Kf6 42. f4 gxf4 43. gxf4 h5 44. Bc3 Qxd3+ 45. Kxd3 Ke6 46. fxe5
f6 47. exf6 Nxf6 48. Bxf6 Kxf6 49. e5+ Ke6 50. Kc3 b6 51. h4 Kd7 52. Kd4 Ke6
53. Ke4 Kd7 54. Kf5 c5 55. bxc5 bxc5 56. Ke4 Ke6 57. Kd3 Kd7 58. Kc4 Kc6 59.
Kc3 Kd7 60. Kd3 1-0

[Event "Klubbmesterskap 2005"]
[Site "Ski, Akershus NOR"]
[Date "2005.02.03"]
[Round "3"]
[White "Hovland, Arne"]
[Black "Lea, Per"]
[Result "0-1"]
[WhiteElo "1570"]
[BlackElo "1625"]
[PlyCount "122"]
[EventDate "2005.01.20"]

1. d4 d5 2. c4 e6 3. Nc3 Nf6 4. cxd5 exd5 5. Bf4 c6 6. e3 Bf5 7. Qb3 Qb6 8.
Bxb8 Rxb8 9. Qxb6 axb6 10. Nf3 Bb4 11. Nd2 O-O 12. Be2 Rfe8 13. O-O b5 14. Rfc1
Ra8 15. a3 Bd6 16. Nb3 Nd7 17. g4 Bg6 18. f4 f5 19. Kf2 fxg4 20. Bxg4 Nf6 21.
Bf3 Re7 22. Nd2 Rae8 23. Nf1 Bd3 24. Nd1 Be4 25. Ng3 Bxf3 26. Kxf3 Ne4 27. Nxe4
Rxe4 28. Rc3 g5 29. fxg5 Rf8+ 30. Ke2 Bxh2 31. Nf2 Rh4 32. Rh1 Bg3 33. Nh3 Bd6
34. Rcc1 Be7 35. Rcg1 Rf5 36. g6 h6 37. Nf4 Rxh1 38. Rxh1 Kg7 39. b4 Bg5 40.
Rh5 Kf6 41. Kd3 Kg7 42. Ke2 Rf6 43. Kf3 Bxf4 44. exf4 Rxg6 45. Re5 Kf7 46. Rf5+
Ke7 47. Re5+ Re6 48. Kg4 Rxe5 49. fxe5 Ke6 50. Kh5 b6 51. Kxh6 c5 52. bxc5 bxc5
53. dxc5 Kxe5 54. Kg5 d4 55. c6 Kd6 56. c7 Kxc7 57. Kf4 Kc6 58. Ke4 Kc5 59. Kd3
Kd5 60. Kd2 Kc4 61. Kd1 Kb3 0-1

[Event "Klubbmesterskap 2005"]
[Site "Ski, Akershus NOR"]
[Date "2005.03.04"]
[Round "4"]
[White "Lea, Per"]
[Black "Ådnøy, Hallvard Voll"]
[Result "0-1"]
[WhiteElo "1625"]
[BlackElo "2192"]
[PlyCount "32"]
[EventDate "2005.01.20"]

1. e4 d6 2. d4 Nf6 3. Nc3 Nbd7 4. Nf3 e5 5. Bc4 Be7 6. Bxf7+ Kxf7 7. Ng5+ Kg8
8. Ne6 Qe8 9. Nxc7 Qg6 10. Nxa8 Qxg2 11. Ke2 Nc5 12. h3 Ncxe4 13. Nxe4 Nxe4 14.
Be3 Be6 15. Qg1 Bc4+ 16. Ke1 Qf3 0-1

[Event "Klubbmesterskap 2005"]
[Site "Ski, Akershus NOR"]
[Date "2005.03.04"]
[Round "5"]
[White "Lange, Holger"]
[Black "Lea, Per"]
[Result "1/2-1/2"]
[WhiteElo "1729"]
[BlackElo "1625"]
[PlyCount "117"]
[EventDate "2005.01.20"]

1. d4 d5 2. c4 e6 3. Nc3 Nf6 4. Bg5 Be7 5. Nf3 c6 6. e3 Nbd7 7. Be2 O-O 8. O-O
dxc4 9. Bxc4 Nd5 10. Bxe7 Qxe7 11. Rc1 Nxc3 12. Rxc3 e5 13. dxe5 Nxe5 14. Nxe5
Qxe5 15. Qb3 b5 16. Bd3 Bb7 17. Qc2 h6 18. Be4 Rac8 19. Bxc6 Rxc6 20. Rxc6 Bxc6
21. Qxc6 Qxb2 22. Qa6 Rd8 23. Qxa7 b4 24. Qa4 Rc8 25. g3 Qd2 26. a3 bxa3 27.
Qxa3 f6 28. Qb3+ Kh7 29. Qb1+ Rc2 30. Qb5 Rc1 31. Qf5+ Kg8 32. Rxc1 Qxc1+ 33.
Kg2 Qc6+ 34. e4 Qc2 35. Qd5+ Kh7 36. h4 Qe2 37. Qf5+ Kg8 38. Qf3 Qb5 39. Qd1
Kf7 40. Qd5+ Qxd5 41. exd5 f5 42. Kf3 Kf6 43. h5 Ke5 44. g4 Kxd5 45. gxf5 Ke5
46. Kg4 Ke4 47. f4 Ke3 48. f6 gxf6 49. Kf5 Kf3 50. Kxf6 Kxf4 51. Kg6 Ke5 52.
Kh7 Kf6 53. Kxh6 Kf7 54. Kh7 Kf8 55. Kh6 Kg8 56. Kg6 Kh8 57. h6 Kg8 58. Kf6 Kh8
59. Kg5 1/2-1/2

[Event "Klubbmesterskap 2005"]
[Site "Ski, Akershus NOR"]
[Date "2005.04.21"]
[Round "6"]
[White "Lea, Per"]
[Black "Moberg, Jan Rune"]
[Result "1/2-1/2"]
[WhiteElo "1625"]
[BlackElo "1537"]
[PlyCount "119"]
[EventDate "2005.01.20"]

1. e4 c5 2. Nf3 d6 3. d4 cxd4 4. Nxd4 Nf6 5. Nc3 g6 6. f4 Nc6 7. Nxc6 bxc6 8.
Bc4 Bg7 9. O-O O-O 10. Be3 Qc7 11. Bb3 Ba6 12. Rf2 Rad8 13. Rd2 Nd7 14. Qf3 Nb6
15. Qf2 e6 16. Rad1 Rd7 17. Bxb6 axb6 18. Na4 Rb8 19. c4 c5 20. e5 Rbd8 21.
Nxb6 Qxb6 22. Ba4 Bxc4 23. Bxd7 Rxd7 24. Rxd6 Rxd6 25. Rxd6 Qc7 26. Qc2 Bd5 27.
b4 f6 28. Qxc5 Qxc5+ 29. bxc5 Bf8 30. Rd8 Kf7 31. Rc8 Bxa2 32. c6 Bc5+ 33. Kh1
Bd5 34. c7 Bb7 35. Rb8 Ba6 36. exf6 Kxf6 37. c8=Q Bxc8 38. Rxc8 Bd6 39. g3 e5
40. Rc6 Ke6 41. fxe5 Kxe5 42. Kg2 h5 43. Kf3 g5 44. h3 Be7 45. Ra6 Bd8 46. Ra8
Bf6 47. Ra5+ Kd4 48. g4 h4 49. Ra6 Be5 50. Re6 Kd5 51. Re8 Bf4 52. Rf8 Bc1 53.
Rf5+ Kd4 54. Ra5 Bf4 55. Ra4+ Ke5 56. Re4+ Kf6 57. Rxf4+ gxf4 58. Kxf4 Kg6 59.
g5 Kh5 60. Kf5 1/2-1/2

[Event "Klubbmesterskap 2005"]
[Site "Ski, Akershus NOR"]
[Date "2005.03.31"]
[Round "7"]
[White "Weberg, Øivind"]
[Black "Lea, Per"]
[Result "0-1"]
[WhiteElo "1507"]
[BlackElo "1625"]
[PlyCount "94"]
[EventDate "2005.01.20"]

1. e4 e5 2. Nf3 Nc6 3. Bb5 a6 4. Ba4 Nf6 5. Qe2 b5 6. Bb3 Be7 7. c3 O-O 8. d3
d6 9. h3 Na5 10. Bc2 c5 11. Nbd2 Nc6 12. Nf1 Re8 13. Ng3 Bf8 14. O-O g6 15. Bb3
Be6 16. Bxe6 Rxe6 17. Nh2 d5 18. Bg5 h6 19. Bxf6 Rxf6 20. Ng4 Rf4 21. Qe3 d4
22. Qd2 Qg5 23. Rad1 h5 24. Nxh5 gxh5 25. g3 hxg4 26. h4 Qh6 27. gxf4 exf4 28.
f3 g3 29. Kg2 Ne5 30. Rh1 Rd8 31. h5 c4 32. Rh4 Nxd3 33. cxd4 Rxd4 34. Qc3 Bg7
35. Rg4 Kh8 36. b3 Rxe4 37. Qd2 Re5 38. Rh1 Nf2 39. Qd8+ Kh7 40. Rxg7+ Qxg7 41.
h6 Qg5 42. Qxg5 Rxg5 43. Re1 Rh5 44. Re7 Rh2+ 45. Kf1 Nh3 46. Rxf7+ Kxh6 47.
bxc4 g2+ 0-1

[Event "Klubbmesterskap 2005"]
[Site "Ski, Akershus NOR"]
[Date "2005.04.07"]
[Round "8"]
[White "Lea, Per"]
[Black "Larsen, Joakim"]
[Result "1/2-1/2"]
[WhiteElo "1625"]
[BlackElo "1739"]
[PlyCount "88"]
[EventDate "2005.01.20"]

1. e4 c5 2. Nf3 Nc6 3. d4 cxd4 4. Nxd4 Nf6 5. Nc3 e5 6. Ndb5 d6 7. Bg5 a6 8.
Na3 b5 9. Nd5 Be6 10. c4 Qa5+ 11. Bd2 b4 12. Nxf6+ gxf6 13. Nc2 Qb6 14. Be3 Qb7
15. b3 f5 16. exf5 Bxf5 17. f4 Bg7 18. fxe5 Bxe5 19. Rc1 Bb2 20. Rb1 Bc3+ 21.
Kf2 Ne5 22. Be2 Qe4 23. Rc1 Bb2 24. Rb1 Qxc2 25. Qxc2 Bxc2 26. Rxb2 Be4 27. Rd2
Rg8 28. Rg1 Ke7 29. g3 Rg6 30. Rgd1 Rf6+ 31. Bf4 Ng6 32. Rd4 Nxf4 33. gxf4 Re6
34. Bf3 Bxf3 35. Kxf3 a5 36. Rd5 Rh6 37. R1d2 a4 38. bxa4 Rxa4 39. Rb2 Rh3+ 40.
Kg4 Rha3 41. Rdd2 Ra5 42. Rxb4 Rxa2 43. Rb7+ Ke6 44. Rxa2 Rxa2 1/2-1/2

[Event "Klubbmesterskap 2005"]
[Site "Ski, Akershus NOR"]
[Date "2005.03.18"]
[Round "9"]
[White "Solem, Trond"]
[Black "Lea, Per"]
[Result "1-0"]
[WhiteElo "2130"]
[BlackElo "1625"]
[PlyCount "53"]
[EventDate "2005.01.20"]

1. Nf3 Nf6 2. c4 c5 3. Nc3 Nc6 4. e3 e6 5. d4 cxd4 6. exd4 d5 7. Bg5 Be7 8. Bd3
Nb4 9. Be2 dxc4 10. Bxc4 Nbd5 11. O-O O-O 12. Qd3 b6 13. Rad1 Bb7 14. Ne5 Nxc3
15. bxc3 Nd5 16. Bd2 Qc7 17. Bb3 Rac8 18. Rfe1 Bd6 19. c4 Nb4 20. Qh3 Nc6 21.
Bc2 g6 22. Ng4 Be7 23. Bc3 Nd8 24. d5 f6 25. d6 Bxd6 26. Bxf6 Be7 27. Nh6# 1-0

[Event "Klubbmesterskapet 2005 (A)"]
[Site "Ås, Akershus NOR"]
[Date "2005.04.28"]
[Round "9"]
[White "Moberg, Jan Rune"]
[Black "Ådnøy, Hallvard Voll"]
[Result "0-1"]
[WhiteElo "1537"]
[BlackElo "2192"]
[PlyCount "24"]

1. d4 Nf6 2. Nf3 e6 3. g3 d5 4. Bg2 Nbd7 5. c4 Bb4+ 6. Nc3 O-O 7. c5 c6 8. Qb3
Ba5 9. O-O b6 10. Na4 Ne4 11. Qa3 b5 12. Nc3 b4 0-1

[Event "Høstturnering 2004"]
[Site "Ski, Akershus NOR"]
[Date "2004.09.02"]
[Round "1"]
[White "Pettersen, Erling"]
[Black "Lea, Per"]
[Result "0-1"]
[WhiteElo "1287"]
[BlackElo "1632"]
[PlyCount "64"]
[EventDate "2004.09.02"]

1. e4 e5 2. Bc4 Nf6 3. Nc3 Nxe4 4. Bxf7+ Kxf7 5. Nxe4 d5 6. Qf3+ Kg8 7. Ng3 e4
8. Qb3 Nc6 9. N1e2 Na5 10. Qa4 c6 11. b4 Nc4 12. Qb3 Be6 13. Nd4 Qf6 14. c3 Bf7
15. O-O Bd6 16. Qc2 Bg6 17. Qb3 h5 18. f3 Bxg3 19. hxg3 Rf8 20. Ba3 Nxd2 21.
Qa4 Nxf1 22. Rxf1 a6 23. b5 axb5 24. Qa7 Rf7 25. Bb4 h4 26. Nc2 hxg3 27. Qb8+
Kh7 28. Qxg3 Qf4 29. Qh3+ Qh6 30. Qg3 exf3 31. gxf3 Bxc2 32. Rf2 Qg6 0-1

[Event "Høstturnering 2004"]
[Site "Ski, Akershus NOR"]
[Date "2004.09.02"]
[Round "1"]
[White "Furnes, Torstein"]
[Black "Høyer, Tor"]
[Result "1-0"]
[WhiteElo "1549"]
[BlackElo "1182"]
[PlyCount "67"]
[EventDate "2004.09.02"]

1. d4 d5 2. c4 e6 3. Nc3 Nf6 4. Bg5 c6 5. e3 Be7 6. Nf3 Nbd7 7. Bd3 dxc4 8.
Bxc4 O-O 9. O-O b5 10. Bd3 Bb7 11. Rc1 a6 12. Bb1 h6 13. Bf4 Rc8 14. e4 Re8 15.
e5 Nd5 16. Nxd5 cxd5 17. Qd3 Nf8 18. h3 Rc7 19. Nh2 Qc8 20. Rxc7 Qxc7 21. Rc1
Qd7 22. Ng4 Qd8 23. Nxh6+ gxh6 24. Qg3+ Kh8 25. Bxh6 Ng6 26. Bxg6 fxg6 27. Qxg6
Rg8 28. Qxe6 Bg5 29. Rc3 Qe7 30. Qxe7 Bxe7 31. Rc7 Bg5 32. Bxg5 Rxg5 33. Rxb7
Rg8 34. Rc7 1-0

[Event "Høstturnering 2004"]
[Site "Ski, Akershus NOR"]
[Date "2004.09.09"]
[Round "2"]
[White "Lea, Per"]
[Black "Moberg, Jan Rune"]
[Result "1-0"]
[WhiteElo "1632"]
[BlackElo "1583"]
[PlyCount "43"]
[EventDate "2004.09.02"]

1. e4 e5 2. Nf3 Nc6 3. Bb5 a6 4. Ba4 Nf6 5. O-O Nxe4 6. d4 Nd6 7. dxe5 Nc4 8.
Nc3 Be7 9. Re1 O-O 10. Nd5 h6 11. c3 b5 12. Bc2 Bc5 13. Qd3 g6 14. Bxh6 Nxb2
15. Qe4 Be7 16. Bxf8 Qxf8 17. Nf6+ Kg7 18. Nh4 Qh8 19. Nxg6 Qd8 20. Nxe7 Nxe7
21. Qh7+ Kf8 22. Qh6# 1-0

[Event "Høstturnering 2004"]
[Site "Ski, Akershus NOR"]
[Date "2004.09.09"]
[Round "2"]
[White "Johansen, Trond Arne"]
[Black "Furnes, Torstein"]
[Result "1/2-1/2"]
[WhiteElo "1750"]
[BlackElo "1549"]
[PlyCount "56"]
[EventDate "2004.09.02"]

1. d4 d5 2. Nf3 Nf6 3. e3 e6 4. Bd3 Bd6 5. O-O O-O 6. Nbd2 c5 7. c3 Nc6 8. dxc5
Bxc5 9. e4 dxe4 10. Nxe4 Be7 11. Qc2 h6 12. Rd1 Qc7 13. b3 b6 14. Bb2 Bb7 15.
a3 Ne5 16. Nxe5 Qxe5 17. c4 Qf4 18. Nxf6+ Bxf6 19. Bxf6 Qxf6 20. Rac1 Rfd8 21.
Bf1 h5 22. Rxd8+ Rxd8 23. Rd1 h4 24. Rxd8+ Qxd8 25. Qd3 Qxd3 26. Bxd3 g5 27. f3
Kg7 28. Kf2 Kf6 1/2-1/2

[Event "Høstturnering 2004"]
[Site "Ski, Akershus NOR"]
[Date "2004.09.16"]
[Round "3"]
[White "Krøvel-Velle, Tor"]
[Black "Lea, Per"]
[Result "0-1"]
[WhiteElo "1484"]
[BlackElo "1632"]
[PlyCount "54"]
[EventDate "2004.09.02"]

1. e4 e5 2. Nf3 Nc6 3. Bb5 a6 4. Ba4 Nf6 5. O-O Be7 6. Re1 b5 7. Bb3 O-O 8. c3
d5 9. exd5 Nxd5 10. Nxe5 Nxe5 11. Rxe5 Nf6 12. d4 Bd6 13. Re1 Ng4 14. h3 Qh4
15. Qf3 Nxf2 16. Re2 Bxh3 17. gxh3 Nxh3+ 18. Kf1 g5 19. Re4 Bf4 20. Bxf4 gxf4
21. Qg2+ Kh8 22. Nd2 Rg8 23. Nf3 Rxg2 24. Nxh4 Rg1+ 25. Ke2 Rxa1 26. Nf5 f3+
27. Kd2 f2 0-1

[Event "Høstturnering 2004"]
[Site "Ski, Akershus NOR"]
[Date "2004.09.16"]
[Round "3"]
[White "Furnes, Torstein"]
[Black "Høva, Frode"]
[Result "1/2-1/2"]
[WhiteElo "1549"]
[BlackElo "1527"]
[PlyCount "90"]
[EventDate "2004.09.02"]

1. d4 Nf6 2. c4 g6 3. Nc3 d5 4. e3 Bg7 5. Nf3 O-O 6. Be2 c5 7. O-O cxd4 8. Nxd4
dxc4 9. Bxc4 a6 10. Bd2 e5 11. Nf3 Nc6 12. Rc1 Bg4 13. Be2 Qd7 14. Ng5 Bxe2 15.
Qxe2 Rad8 16. Rfd1 h6 17. Nge4 Nxe4 18. Nxe4 Qe7 19. a3 Rd5 20. Bc3 Rfd8 21.
Rxd5 Rxd5 22. Rd1 Qd8 23. Rd2 Rxd2 24. Qxd2 Qxd2 25. Nxd2 f5 26. Kf1 Kf7 27.
Ke2 Bf8 28. Kd3 Ke6 29. e4 Bc5 30. f3 Bd4 31. Nb3 Bg1 32. h3 Kd6 33. Na5 Nxa5
34. Bxa5 Bd4 35. Bc3 Bxc3 36. Kxc3 Kc5 37. b4+ Kb5 38. Kb3 Kc6 39. a4 b5 40. a5
Kd6 41. Kc3 Ke6 42. Kd3 f4 43. Ke2 Kf6 44. Kf2 Kg5 45. g4 Kh4 1/2-1/2

[Event "Høstturnering 2004"]
[Site "Ski, Akershus NOR"]
[Date "2004.09.30"]
[Round "4"]
[White "Lea, Per"]
[Black "Ådnøy, Hallvard Voll"]
[Result "0-1"]
[WhiteElo "1632"]
[BlackElo "2173"]
[PlyCount "60"]
[EventDate "2004.09.02"]

1. e4 c5 2. Nf3 Nc6 3. d4 cxd4 4. Nxd4 Nf6 5. Nc3 e5 6. Ndb5 d6 7. Bg5 a6 8.
Na3 b5 9. Nd5 Be7 10. Bxf6 Bxf6 11. c3 Ne7 12. Nxf6+ gxf6 13. Qf3 f5 14. exf5
Bxf5 15. Bd3 Be6 16. Nc2 f5 17. Qh5+ Bf7 18. Qh3 Ng6 19. Bxf5 Nf4 20. Qf3 O-O
21. Ne3 Bc4 22. Nxc4 bxc4 23. Qg4+ Kh8 24. g3 h5 25. Qd1 Rxf5 26. gxf4 Qh4 27.
Qxd6 Qxf4 28. Qd2 Qe4+ 29. Kd1 Qxh1+ 30. Kc2 Qe4+ 0-1

[Event "Høstturnering 2004"]
[Site "Ski, Akershus NOR"]
[Date "2004.10.21"]
[Round "4"]
[White "Bakken, Svein-Erik"]
[Black "Furnes, Torstein"]
[Result "1-0"]
[WhiteElo "1356"]
[BlackElo "1549"]
[PlyCount "65"]
[EventDate "2004.09.02"]

1. d4 d5 2. c4 e6 3. Nc3 Nf6 4. Bg5 Be7 5. e3 O-O 6. Qc2 Nbd7 7. Bd3 dxc4 8.
Bxc4 c5 9. Nf3 b6 10. Bd3 h6 11. h4 Bb7 12. dxc5 Nxc5 13. Rd1 Nxd3+ 14. Rxd3
Qc7 15. Bf4 Qc5 16. Rd2 Rac8 17. Qb1 Qh5 18. Rh3 Bb4 19. Be5 Bxf3 20. Bxf6 Bg4
21. Rg3 gxf6 22. f3 Qxh4 23. Kf2 Bxc3 24. bxc3 Rxc3 25. Rd4 f5 26. Qe1 Rfc8 27.
fxg4 Rc2+ 28. Kf3 Kh7 29. gxf5 Qh5+ 30. Rdg4 exf5 31. Qa1 fxg4+ 32. Rxg4 f5 33.
Qg7# 1-0

[Event "Høstturnering 2004"]
[Site "Ski, Akershus NOR"]
[Date "2004.10.07"]
[Round "5"]
[White "Høva, Frode"]
[Black "Lea, Per"]
[Result "1-0"]
[WhiteElo "1527"]
[BlackElo "1632"]
[PlyCount "89"]
[EventDate "2004.09.02"]

1. d4 Nf6 2. c4 g6 3. Nc3 Bg7 4. e4 d6 5. Nf3 O-O 6. Be2 Nbd7 7. O-O e5 8. Be3
exd4 9. Nxd4 Nc5 10. f3 Re8 11. Qd2 Qe7 12. Rfe1 Ne6 13. Rad1 a6 14. Nd5 Nxd5
15. cxd5 Nxd4 16. Bxd4 Bd7 17. Bxg7 Kxg7 18. Qc3+ f6 19. Qxc7 b5 20. Qc3 Rec8
21. Qd4 Qd8 22. Rc1 Qa5 23. a3 Rc7 24. b4 Rxc1 25. Rxc1 Qd8 26. f4 Rc8 27. Rc3
Rxc3 28. Qxc3 Qb6+ 29. Kf1 Kf7 30. e5 fxe5 31. fxe5 dxe5 32. Qxe5 Qf6+ 33.
Qxf6+ Kxf6 34. Kf2 Ke5 35. Bf3 Bc8 36. Ke3 g5 37. g4 h6 38. h3 Bd7 39. Be4 Bc8
40. Bg6 Bb7 41. Bf5 h5 42. d6 Kxd6 43. gxh5 Ke5 44. Bd7 Kd6 45. h6 1-0